Preconceito racial (Registo nº 201921)

Detalhes MARC
000 -Etiqueta do registo
Valores 00546nam 22001813 4500
100 ## - Dados gerais de processamento
Dados gerais 20260423d u||y0pory50 ba
200 ## - Titulo e menção de responsabilidade
Título próprio Preconceito racial
Primeira menção de responsabilidade Pearl S. Buck
Outras menções de responsabilidade tradução de Sousa Victorino
210 ## - Publicação
Local de publicação Lisboa
Nome do editor Edições Livros do Brasil
Data de publicação [19--?]
215 ## - Descrição física 
Paginação / Volumes 301 p.
Outras indicações físicas brochado
Dimensões 22 cm
225 ## - Colecção 
Título próprio da colecção Dois Mundos
606 ## - Nome comum usado como assunto
ID Autoridade 16
Palavra de ordem Literatura Americana
675 ## - CDU
Notação 821.111(73)-3
Edição PT
Língua por
700 ## - Autor principal (pessoa individual)
ID Autoridade 414
Apelido Buck
Nome Pearl S.
Datas 1892-1973
801 ## - Fonte de origem
País PT
Agência BMMN
Regras de catalogação RPC
830 ## - Notas gerais do catalogador
Criado por Fernando
Indexado por Fernando
990 ## - Elementos KOHA
Tipo de documento Livro
Exemplares
Situação do levantamento Biblioteca de origem Código de barras Cota Permissão de empréstimo Tipo de documento Forma de aquisição
  Biblioteca Municipal de Montemor-o-Novo 31320 821.111(73)-3 BUC|DEP   Livro Oferta

Powered by Koha